Nákupologie pravda o lži o tom, proč nakupujeme

Gespeichert in:
Bibliographische Detailangaben
1. Verfasser: Lindstrom, Martin
Format: Buch
Sprache:Tschechisch
Veröffentlicht: Brno Computer Press 2009
Schlagworte:
Tags: Tag hinzufügen
Keine Tags, Fügen Sie das erste Tag hinzu!

MARC

LEADER 00000nam a2200000 4500
001 0118395
005 20230220124130.2
020 |a 978-80-251-2396-6 
041 0 |a cze 
044 |a CZ 
245 1 0 |a Nákupologie  |b pravda o lži o tom, proč nakupujeme  |c Martin Lindstrom 
264 1 |a Brno  |b Computer Press  |c 2009 
300 |a 232 s. 
610 2 0 |a nákup 
610 2 0 |a reklama 
610 2 0 |a taktika reklamy 
610 2 0 |a spotrebitelia 
610 2 0 |a rozhodovanie 
610 2 0 |a správanie spotrebiteľa 
100 1 |a Lindstrom, Martin